Biblioteka Instytutu Północnego w Olsztynie

Widok standardowy Widok MARC

Pozycja Corporate Name

Liczba rekordów, w których użyto hasła: 1

001 - Numer kontrolny

  • control field: 39554

003 - Identyfikator numeru kontrolnego

  • control field: NUKAT

005 - Data i czas ostatniej modyfikacji

  • control field: 20260407140319.0

008 - Dane kontrolne kodowane (40 znaków)

  • fixed length control field: 260407n||a|znnaabn |a ana |c

010 ## - Numer kontrolny Biblioteki Kongresu

  • numer kontrolny LC: n 2026063725

040 ## - Instytucja sporządzająca rekord

  • inst. przygot. dane do rek. khw: OLSZT 008/bak
  • język haseł przedmiotowych/tezaurus: kaba
  • inst. wprow. rek. khw: OLSZT 008/bak

043 ## - Kod obszaru geograficznego

  • ISO code: PL

046 ## - Special dates

  • Start period: 1992

110 2# - Hasło - nazwa ciała zbiorowego

  • nazwa ciała zbior. lub geogr. na pocz.: Studio Reklamy Erzet Jolanta Czapla.

368 ## - Other Attributes

  • Corp type: Wydawnictwa (instytucje)

370 ## - Associated place

  • Country: Polska

370 ## - Associated place

  • Residence/HQ: Olsztyn (woj. warmińsko-mazurskie)

372 ## - Field of activity

  • Field: Edytorstwo

372 ## - Field of activity

  • Field: Drukarstwo

377 ## - Assoc lang

  • Lang code: pol

410 0# - Trop zob. - nazwa ciała zbiorowego

  • nazwa ciała zbior. lub geogr. na pocz.: Studio Reklamy "eRZet".

410 0# - Trop zob. - nazwa ciała zbiorowego

  • nazwa ciała zbior. lub geogr. na pocz.: Studio Reklamy "erzet"

410 2# - Trop zob. - nazwa ciała zbiorowego

  • nazwa ciała zbior. lub geogr. na pocz.: "erzet" Studio Reklamy.

665 ## - Nota historyczna

  • nota historyczna: Firma Studio Reklamy Erzet Jolanta Czapla od 1992 roku oferuje firmom usługi w zakresie drukowania i poligrafii.

670 ## - Źródło informacji

  • źródło informacji: Bronisław : naczelnik Wydziału Oświaty Rolniczej w Olsztynie / Dariusz Marczyński. - Olsztyn, 2023.
  • gdzie znaleziono informację: Wyd., s. red.: (Studio Reklamy "eRZet")

670 ## - Źródło informacji

  • źródło informacji: KRS, 07.04.2023
  • adres internetowy: https://www.krs-online.com.pl/firma/510223-studio-reklamy-erzet-jolanta-czapla
Biblioteka Instytutu Północnego, ul. Partyzantów 87, 10-402 Olsztyn, email: biblioteka(at)ip.olsztyn.pl